|
|
|
|
| LEADER |
03701nam a2200937 a 4500 |
| 001 |
nkc20112200837 |
| 003 |
CZ PrNK |
| 005 |
20250523095322.0 |
| 007 |
ta |
| 008 |
110729s2010 xr ach e 000 1bcze |
| 015 |
|
|
|a cnb002200837
|
| 020 |
|
|
|a 978-80-903716-1-3
|q (brož.)
|
| 035 |
|
|
|a (OCoLC)757677473
|
| 040 |
|
|
|a ABA001
|b cze
|d BOA001
|
| 041 |
1 |
|
|a cze
|h eng
|h rus
|
| 043 |
|
|
|a e-ru---
|a e-gr---
|
| 045 |
|
|
|a w6x3
|
| 072 |
|
7 |
|a 27-5
|x Liturgie. Křesťanské umění a symbolika. Duchovní život
|2 Konspekt
|9 5
|
| 072 |
|
7 |
|a 929
|x Biografie
|2 Konspekt
|9 8
|
| 080 |
|
|
|a 271.2-36
|2 MRF
|
| 080 |
|
|
|a 27-587-051
|2 MRF
|
| 080 |
|
|
|a 27-788-055.1
|2 MRF
|
| 080 |
|
|
|a 929
|2 MRF
|
| 080 |
|
|
|a 27-587
|2 MRF
|
| 080 |
|
|
|a 27-585
|2 MRF
|
| 080 |
|
|
|a 27-788-35
|2 MRF
|
| 080 |
|
|
|a 27-788-1/-9
|2 MRF
|
| 080 |
|
|
|a 27-184
|2 MRF
|
| 080 |
|
|
|a 27-584.5
|2 MRF
|
| 080 |
|
|
|a 2-188.3-584.5
|2 MRF
|
| 080 |
|
|
|a 27-58-472
|2 MRF
|
| 080 |
|
|
|a 271.2-1/-9
|2 MRF
|
| 080 |
|
|
|a (470+571)
|2 MRF
|
| 080 |
|
|
|a (495)
|2 MRF
|
| 080 |
|
|
|a (0:82-9)
|2 MRF
|
| 080 |
|
|
|a (092)
|2 MRF
|
| 100 |
0 |
|
|a Sofronij,
|c archimandrita,
|d 1896-1993
|7 js2005269516
|4 aut
|
| 245 |
1 |
0 |
|a Starec Siluan /
|c Sofronij (Sacharov) ; [překlad do češtiny Petr Balcárek]
|
| 260 |
|
|
|a Olomouc :
|b Institut pro byzantská a východokřesťanská studia,
|c 2010
|
| 300 |
|
|
|a 372 s. :
|b il. (některé barev.), portréty, faksim. ;
|c 21 cm
|
| 490 |
1 |
|
|a Východokřesťanská studia,
|x 1214-8350 ;
|v č. 15 (2010)
|
| 546 |
|
|
|a Přeloženo z anglického překladu ruského originálu
|
| 600 |
0 |
7 |
|a Silván,
|c svatý,
|d 1866-1938
|7 xx0036021
|2 czenas
|
| 600 |
0 |
9 |
|a Siluan,
|c monk,
|d 1866-1938
|2 eczenas
|
| 648 |
|
7 |
|a 19.-20. století
|7 ch757015
|2 czenas
|
| 648 |
|
4 |
|a 1866-1938
|
| 650 |
0 |
7 |
|a pravoslavní světci
|7 ph115879
|z Rusko
|y 19.-20. století
|2 czenas
|
| 650 |
0 |
7 |
|a křesťanští mystici
|7 ph115081
|z Rusko
|y 19.-20. století
|2 czenas
|
| 650 |
0 |
7 |
|a pravoslavní mniši
|7 ph262577
|z Řecko
|y 19.-20. století
|2 czenas
|
| 650 |
0 |
7 |
|a křesťanská mystika
|7 ph138503
|2 czenas
|
| 650 |
0 |
7 |
|a askeze
|7 ph138494
|x křesťanské pojetí
|2 czenas
|
| 650 |
0 |
7 |
|a řeholní život
|7 ph128285
|2 czenas
|
| 650 |
0 |
7 |
|a Bůh a člověk
|7 ph116953
|x křesťanské pojetí
|2 czenas
|
| 650 |
0 |
7 |
|a duchovní cesta
|7 ph119626
|x křesťanské pojetí
|2 czenas
|
| 650 |
0 |
7 |
|a duchovní překážky
|7 ph514349
|2 czenas
|
| 650 |
0 |
7 |
|a duchovní vedení
|7 ph119638
|2 czenas
|
| 650 |
0 |
7 |
|a pravoslavné učení
|7 ph307585
|2 czenas
|
| 650 |
0 |
9 |
|a Orthodox saints
|z Russia
|y 19th-20th centuries
|2 eczenas
|
| 650 |
0 |
9 |
|a Christian mystics
|z Russia
|y 19th-20th centuries
|2 eczenas
|
| 650 |
0 |
9 |
|a Orthodox monks
|z Greece
|y 19th-20th centuries
|2 eczenas
|
| 650 |
0 |
9 |
|a Christian mysticism
|2 eczenas
|
| 650 |
0 |
9 |
|a asceticism
|x Christian approach
|2 eczenas
|
| 650 |
0 |
9 |
|a monastic life
|2 eczenas
|
| 650 |
0 |
9 |
|a relations between God and man
|x Christian approach
|2 eczenas
|
| 650 |
0 |
9 |
|a spiritual path
|x Christian approach
|2 eczenas
|
| 650 |
0 |
9 |
|a spiritual difficulties
|2 eczenas
|
| 650 |
0 |
9 |
|a spiritual leadership
|2 eczenas
|
| 650 |
0 |
9 |
|a Orthodox doctrine
|2 eczenas
|
| 651 |
|
7 |
|a Athos (Řecko)
|7 ge128691
|2 czenas
|
| 651 |
|
9 |
|a Athos (Greece)
|2 eczenas
|
| 655 |
|
7 |
|a texty
|7 fd133699
|2 czenas
|
| 655 |
|
7 |
|a biografie
|7 fd131909
|2 czenas
|
| 655 |
|
9 |
|a texts
|2 eczenas
|
| 655 |
|
9 |
|a biography
|2 eczenas
|
| 830 |
|
0 |
|a Východokřesťanská studia
|0 s
|
| 856 |
4 |
1 |
|u http://www.digitalniknihovna.cz/mzk/uuid/uuid:5b4b1080-b7e5-11e8-bc37-005056827e51
|y Digitalizovaný dokument
|x NDK
|
| 910 |
2 |
|
|a BOA001
|b 2-1271.091
|
| 990 |
|
|
|a BK
|
| 995 |
|
|
|a 01
|
| 991 |
|
|
|b 201108
|c NOV
|e n
|
| 996 |
6 |
|
|b 2610484982
|c 2-1271.091
|l MZK
|r Sklad / do 1 hodiny
|n 12
|p p.v.
|w 001194598
|u 000010
|a 1
|e BOA001
|j MZK50
|s P
|